[Event "Berlin Lichtenberger op 9th"]
[Site "Berlin"]
[Date "2010.08.07"]
[Round "1"]
[White "Grosse Honebrink, Brigitte"]
[Black "Richter, Michael"]
[Result "0-1"]
[WhiteElo "1934"]
[BlackElo "2428"]
[PlyCount "58"]
[EventDate "2010.08.07"]
[EventType "swiss"]
[EventRounds "9"]
[EventCountry "GER"]
[SourceTitle "CBM 137 Extra"]
[Source "ChessBase"]
[SourceDate "2010.09.01"]
[SourceVersion "1"]
[SourceVersionDate "2010.09.01"]
[SourceQuality "1"]

1. d4 d5 2. Nf3 Nf6 3. c4 c6 4. cxd5 cxd5 5. Nc3 Nc6 6. Bg5 Ne4 7. Nxe4 dxe4 8. d5 Qa5+ 9. Qd2 e6 10. Qxa5 Nxa5 11. Nd2 exd5 12. e3 Bb4 13. Bb5+ Bd7 14. Bxd7+ Kxd7 15. 0-0-0 Ke6 16. Kb1 h6 17. Bf4 g5 18. Bg3 f5 19. a3 Bxd2 20. Rxd2 Nc4 21. Rd4 Rhf8 22. Rhd1 f4 23. exf4 gxf4 24. Bh4 Rf5 25. f3 exf3 26. gxf3 Rg8 27. Re1+ Re5 28. Rc1 Re2 29. Rc2 Rg1+ 0-1

[Event "Berlin Lichtenberger op 8th"]
[Site "Berlin"]
[Date "2009.08.23"]
[Round "9"]
[White "Torzinski, Nils"]
[Black "Grosse Honebrink, Brigitte"]
[Result "0-1"]
[WhiteElo "1332"]
[BlackElo "1926"]
[PlyCount "86"]
[EventDate "2009.08.15"]
[EventType "swiss"]
[EventRounds "9"]
[EventCountry "GER"]
[SourceTitle "CBM 131 Extra"]
[Source "ChessBase"]
[SourceDate "2009.09.03"]
[SourceVersion "2"]
[SourceVersionDate "2009.09.16"]
[SourceQuality "1"]

1. e4 c5 2. Nc3 d6 3. f4 Nc6 4. Nf3 Nf6 5. Bc4 e6 6. d3 Be7 7. 0-0 d5 8. Bb3 dxe4 9. dxe4 a6 10. Qxd8+ Bxd8 11. Be3 Be7 12. Bc4 b5 13. Bd3 Bb7 14. a4 b4 15. Ne2 Na5 16. Ng3 c4 17. Be2 Nxe4 18. Nxe4 Bxe4 19. Rac1 Rc8 20. Nd4 0-0 21. Bf2 Rfd8 22. Rfe1 Bb7 23. Red1 h6 24. Rd2 c3 25. bxc3 bxc3 26. Rd3 Be4 27. Rdd1 Nc4 28. Re1 Bb7 29. Rb1 Nb2 30. Rf1 Bc5 31. Nb3 Bxf2+ 32. Rxf2 Rd6 33. Na5 Be4 34. Bg4 Nxa4 35. Nb3 f5 36. Bf3 Bxf3 37. Rxf3 Nb2 38. Rf2 Rd5 39. Re2 Kf7 40. Kf1 a5 41. Ke1 a4 42. Nc1 Rd1+ 43. Kf2 Rc4 0-1

[Event "Berlin Lichtenberger op 8th"]
[Site "Berlin"]
[Date "2009.08.22"]
[Round "8"]
[White "Grosse Honebrink, Brigitte"]
[Black "Mohr, Horst"]
[Result "1/2-1/2"]
[WhiteElo "1926"]
[BlackElo "1824"]
[PlyCount "72"]
[EventDate "2009.08.15"]
[EventType "swiss"]
[EventRounds "9"]
[EventCountry "GER"]
[SourceTitle "CBM 131 Extra"]
[Source "ChessBase"]
[SourceDate "2009.09.03"]
[SourceVersion "2"]
[SourceVersionDate "2009.09.16"]
[SourceQuality "1"]

1. d4 d5 2. Nf3 Nf6 3. c4 c6 4. cxd5 cxd5 5. Nc3 Nc6 6. Bg5 Bf5 7. e3 e6 8. Qb3 Bb4 9. Be2 0-0 10. 0-0 Bxc3 11. bxc3 Na5 12. Qb4 Rc8 13. Nd2 b6 14. Rac1 h6 15. Bh4 Nc6 16. Qa3 Qe7 17. Qa4 Na5 18. c4 Qd7 19. Qxd7 Nxd7 20. cxd5 exd5 21. Be7 Rfe8 22. Bb4 Nc4 23. Nxc4 dxc4 24. Bxc4 Rxc4 25. Rxc4 Bd3 26. Rc7 a5 27. Rfc1 axb4 28. Rxd7 Ra8 29. Rb7 b5 30. h3 Rxa2 31. d5 b3 32. d6 b2 33. Rc8+ Kh7 34. d7 b1Q+ 35. Kh2 Bf5 36. d8Q Bxc8 1/2-1/2

[Event "Berlin Lichtenberger op 8th"]
[Site "Berlin"]
[Date "2009.08.21"]
[Round "7"]
[White "Kayser, Stefan"]
[Black "Grosse Honebrink, Brigitte"]
[Result "1-0"]
[WhiteElo "1964"]
[BlackElo "1926"]
[PlyCount "129"]
[EventDate "2009.08.15"]
[EventType "swiss"]
[EventRounds "9"]
[EventCountry "GER"]
[SourceTitle "CBM 131 Extra"]
[Source "ChessBase"]
[SourceDate "2009.09.03"]
[SourceVersion "2"]
[SourceVersionDate "2009.09.16"]
[SourceQuality "1"]

1. d4 Nf6 2. c4 e6 3. Nc3 d5 4. Bg5 Be7 5. cxd5 exd5 6. e3 c6 7. Bd3 Nbd7 8. Qc2 0-0 9. Nge2 Re8 10. 0-0 Nf8 11. f3 h6 12. Bh4 N6h7 13. Bxe7 Qxe7 14. e4 dxe4 15. fxe4 Nf6 16. h3 Be6 17. Rad1 Rad8 18. Nf4 Qb4 19. Qf2 Bc4 20. e5 N6h7 21. Bxc4 Qxc4 22. Ne4 Re7 23. Nd6 Qxa2 24. Ra1 Qb3 25. Ra3 Qb6 26. Nh5 Ne6 27. Nf5 Red7 28. Rg3 Nhg5 29. Nxh6+ gxh6 30. Nf6+ Kf8 31. Nxd7+ Rxd7 32. Qf6 Qxd4+ 33. Kh1 Ng7 34. Qxh6 N5e6 35. Rxg7 Nxg7 36. Qh8+ Ke7 37. Qxg7 Kd8 38. Qf8+ Kc7 39. Qe8 Qc4 40. Rf6 Rd1+ 41. Kh2 Kb6 42. Rxf7 Qc5 43. Rf3 Qg1+ 44. Kg3 Qe1+ 45. Kg4 Qb4+ 46. Kf5 Qxb2 47. Qf7 Rd5 48. Qg6 a5 49. Qg3 Qc2+ 50. Kf6 Qc1 51. Rb3+ Ka6 52. Qe3 Qf1+ 53. Ke7 b5 54. Rc3 Kb7 55. e6 Qxg2 56. Qg3 Qb2 57. Qg7 Qb4+ 58. Ke8+ Kb6 59. e7 Qd6 60. Rf3 Kc7 61. Qg3 Re5 62. Rf7 Qd7+ 63. Kf8 Qd6 64. Qxe5 Qxe5 65. e8Q+ 1-0